00500nam a2200193Ia 4500003000900000008004100009040001300050040001300063041000800076100001900084245010300103250001000206260002100216260000900237300001100246300001000257490003300267490000600300IT-RoPAU120407s9999 xx 000 0 und d aIT-RoPAU cIT-RoPAU aita aBenhard Haring aIl matrimonio: problema scottante. Problemi e prospettive attuali nella tradizione e nel Magistero aRoma  aEdizioni Paoline c1969 a105 p. c18 cm aPunti scottanti di teol., 31 v1